000 00865nam a2200229Ii 4500
003 JO-AjNU
008 230605s9999||||xx |||||||||||||| ||und||
017 _a2005/1/1998
040 _aJO-AjNU
_bara
_erda
_cJO-AjNU
041 _aara
050 1 4 _aG155.J6.A52 2005
100 3 _aالعنابي، زهير,
_eauthor
_99196
245 0 0 _aمحمد أبو سماقة في قراءة لفلسفة الاعلام والترويج، ج1
250 _aط1
264 3 1 _aعمان: المؤلف، 2005
300 _a159ص
336 _atext
_btxt
_2rdacontent
337 _aunmediated
_bn
_2rdamedia
338 _avolume
_bnc
_2rdacarrier
490 0 _aسلسلة الفكر السياحي الاردني
650 4 _aالاردن - تاريخ الاردن - السياحة والاثار- الانظمة الاجتماعية - التنمية الاقتصادية
_99197
999 _aA1175
_c4743
_d4743